000 00681nam a2200241Ia 4500
003 OSt
005 20220924114141.0
006 a|||||r|||| 00| 0
007 ta
008 220923b |||||||| |||| 00| 0 san d
024 _a42147
037 _cTextual
040 _aARTS
_cARTS
_bsan
041 _2san
_asan
082 _aO15,7L40,1, 15J0
100 _aKrishnadatta
_9172113
245 0 _aJonraj champu ed by Jagannath Pathak
260 _aAllahabad
_bGanganath Jha Kendriya Sanskrit Viduapengtha
_c1950
300 _a104p.
_ccm.
650 _aENGLISH LITERATURE
942 _hO15,7L40,1, 15J0
_cTEXL
_2CC
999 _c392160
_d392160